| 000 | 01496cam a22004217a 4500 | ||
|---|---|---|---|
| 003 | CHAP | ||
| 005 | 20220329142736.0 | ||
| 008 | 030410d200 mx a r 00110 spa d | ||
| 010 | _a87117 | ||
| 011 | _a88089 | ||
| 035 | _a98634 | ||
| 040 | _cCHAP | ||
| 090 | _aTesis | ||
| 100 | 0 | 0 |
_aSímuta Símuta, Orsay. _9108314 |
| 245 | 1 | 0 |
_aEvaluación de tres densidades de población y caracterización de maiz Chimbo _c/por Orsay Símuta Símuta |
| 260 |
_aChapingo, Méx. : _bEl autor, _c2002. |
||
| 300 |
_a52 h. ; _bilus. ; gráfs. ; cuadros |
||
| 502 | _aTesis (Ing. Agr. Esp. en Fitotecnia) -- UACH. Departamento de Fitotecnia | ||
| 590 |
_aALEPH _b10 _c20130110 _lUCH01 _h1453 |
||
| 590 |
_aBATCH-UPD _b10 _c20130110 _lUCH01 _h0222 |
||
| 590 |
_aBATCH-UPD _b10 _c20130110 _lUCH01 _h1721 |
||
| 590 |
_aBATCH-UPD _b10 _c20130409 _lUCH01 _h2243 |
||
| 590 |
_aBATCH-UPD _b10 _c20130410 _lUCH01 _h1104 |
||
| 590 |
_aBATCH-UPD _b10 _c20130914 _lUCH01 _h1142 |
||
| 590 |
_aCONVERSION _b10 _c20130109 _lUCH01 _h1348 |
||
| 650 | 1 | 4 |
_aDensidad de siembra. _931812 |
| 650 | 1 | 4 |
_aMaíz _xAnálisis. _970861 |
| 650 | 1 | 4 |
_aMaíz _xColor. _970905 |
| 650 | 1 | 4 |
_aMaíz _xProducción. _971041 |
| 650 | 1 | 4 |
_aMaíz _xRendimiento. _971051 |
| 650 | 1 | 4 |
_aMaíz _xVariedades. _971081 |
| 650 | 1 | 4 |
_aMaíz _zChiapas. _971091 |
| 901 | _aBK | ||
| 905 | _aMayto Villalobos S. | ||
| 942 | _cFOLL | ||
| 949 |
_aTesis _bBC _cTES _d33724000890760 _eTS2 _fc.2 _h40762 _i98634 _sb |
||
| 949 |
_aTesis _bBC _cTES _d98634123 _eTS1 _h40761 _i98634 _sb |
||
| 999 |
_c87117 _d87117 |
||